Highlight Intermediate

Hlavní autor: Vince, Michael
Vydáno: Oxford : Heinemann, 1992
Fyzický popis: Set of 2 sound cassettes + knihy CF 7
Zvukové nahrávky
Uloženo v:
LEADER 00694njm a2200217 4500
001 000991220
003 CZ BrMZK
005 20021126102332.0
007 ss lsnjlcmpnze
008 010825s1992 f
020 |a 0435286366 
040 |a BOA001  |b cze 
100 1 |a Vince, Michael  |7 xx0002386 
245 1 0 |a Highlight Intermediate 
260 |a Oxford :  |b Heinemann,  |c 1992 
300 |a Set of 2 sound cassettes +  |e knihy CF 7 
910 |a BOA001  |x X 253-254 
990 |a KZ 
991 |y British Council Brno - Czech Republic  |z 000039783  |x 99 
995 |a Brno RC  |e R05783  |j CF7  |y R057830391  |D 0.00  |F 49  |H 0  |I 0.00  |U C  |Z General 
995 |a Brno RC  |e R05784  |j CF7  |y R057840391  |D 0.00  |F 49  |H 0  |I 0.00  |U C  |Z General